Historia del Derecho: de las civilizaciones antiguas, modernas y contemporáneas

Saved in:
Bibliographic Details
Main Author: Marcano Salazar, Luis Manuel (autor)
Format: Book
Language:Spanish
Published: Santiago Metropolitana 2018
Edition:1a. ed
Subjects:
Tags: Add Tag
No Tags, Be the first to tag this record!

MARC

LEADER 00000cam a2200000 a 4500
001 UCC6809
003 CL-VaPUC
008 190111e20180000cl |||||||||||||||||spa|d
020 |a 9789562862448 
082 0 4 |a 340.09  |b MAR  |2 21 
100 |a Marcano Salazar, Luis Manuel  |e autor  |9 601321 
245 1 0 |a Historia del Derecho: de las civilizaciones antiguas, modernas y contemporáneas 
250 |a 1a. ed 
300 |a 435 p 
942 |c BK 
945 |d 20190111 14:04:00  |a dcastane 
260 |a Santiago  |b Metropolitana  |c 2018 
650 0 |a Historia del derecho  |9 255109 
650 0 |a Fuentes del derecho   |9 255162 
583 |a last modification  |c 20190111 14:04:00  |k Rodrigo Vera 
999 |c 373659  |d 373657 
952 |0 0  |1 0  |3 erb  |4 0  |6 340_090000000000000_MAR_2018  |7 0  |8 DER_HDC  |9 491854  |a BIBDER  |b BIBDER  |i 5528402  |o 340.09 MAR 2018  |p 5528402  |r 2023-01-25  |w 2019-11-24  |x Ubicación 4to Piso  |y BK  |z Estos recursos deben solicitarse con anticipación  |k DER